00392cam a2200157ua 45000010005000000080039000050400009000440410008000530820013000611000025000742450041000992500009001402600031001493000010001806530044001908925150218n ii |||gr||||Z||||||asm cMAIN aasm a891.4513 aSaikia, N.,eAuthor.1 aAndharat nizar mukhcBy Nagen Saikia a1st. aGuwahati:bSahitya,c1998. a186p. aEast Indo-European & Celtic literatures